000 00881nam a2200277 i 4500
001 bg
100 1 _aKopaliński, Władysław
_d(1918-2007).
245 1 0 _aSłownik przypomnień.
_nCz. 2,
_pTropy od T do Ż, zbiory, sygnały /
_cWładysław Kopaliński.
260 _aWarszawa :
_bOficyna Wydawnicza Rytm,
_ccop. 2007.
300 _a347, [1] s. ;
_c25 cm.
490 1 _aSłowniki / "Rzeczpospolita" ;
_vT. 8
650 9 _aSłownik polski
650 9 _aJęzyk polski
_xwyrazy obce
650 9 _aSynonimy polskie
655 _aSłowniki
830 0 _aSłowniki - "Rzeczpospolita" ;
_vT. 8
020 _a9788360688823
040 _cBPK
041 0 _apol
044 _aPOL
080 _a811.162.1'373.45'374
920 _a978-83-60688-82-3
942 _cKS
008 s pl f |000 0 pol
999 _c54519
_d54519